El deber / (Record no. 165402)

MARC details
000 -LEADER
campo de control de longitud fija 01051nam a22002655i 4500
001 - NÚMERO DE CONTROL
campo de control 165402
003 - IDENTIFICADOR DE NÚMERO DE CONTROL
campo de control ES-MaACL
005 - FECHA Y HORA DE LA ÚLTIMA TRANSACCIÓN
campo de control 20250809062601.0
008 - DATOS DE LONGITUD FIJA--INFORMACIÓN GENERAL
campo de control de longitud fija 991216s1862 sp |||| | spa d
040 ## - FUENTE DE CATALOGACIÓN
Centro catalogador/agencia de origen CCPB | B
Lengua de catalogación spa
Centro/agencia transcriptor CCPB | B
080 ## - NÚMERO DE LA CLASIFICACIÓN DECIMAL UNIVERSAL
Número de la Clasificación Decimal Universal 17.025
100 1# - ENTRADA PRINCIPAL--NOMBRE DE PERSONA
Nombre de persona Simon, Jules,
Fechas asociadas al nombre 1814-1896
9 (RLIN) 224189
245 13 - MENCIÓN DEL TÍTULO
Título El deber /
Mención de responsabilidad, etc. obra escrita en frances por Julio Simon ; y traducida de la sesta [sic] edicion por Hilario Abad de Aparicio y Rafael Coronel y Ortiz.
260 ## - PUBLICACIÓN, DISTRIBUCIÓN, ETC.
Lugar de publicación, distribución, etc. Madrid :
Nombre del editor, distribuidor, etc. [s.n.],
Fecha de publicación, distribución, etc. 1862 (
Fabricante Imprenta de Santiago Aguado)
300 ## - DESCRIPCIÓN FÍSICA
Extensión VIII, 415 p. ;
Dimensiones 18 cm.
530 ## - NOTA DISPONIBLE DE FORMULARIO FÍSICO ADICIONAL
Nota de formato físico adicional disponible Disponible también en sitio web.
650 #4 - PUNTO DE ACCESO ADICIONAL DE MATERIA--TÉRMINO DE MATERIA
Término de materia o nombre geográfico como elemento de entrada Derecho-
Subdivisión general Filosofía
9 (RLIN) 11620
650 #4 - PUNTO DE ACCESO ADICIONAL DE MATERIA--TÉRMINO DE MATERIA
Término de materia o nombre geográfico como elemento de entrada Deber.
9 (RLIN) 150490
700 1# - ENTRADA AGREGADA--NOMBRE PERSONAL
Nombre de persona Abad de Aparicio, Hilario
9 (RLIN) 17922
700 1# - ENTRADA AGREGADA--NOMBRE PERSONAL
Nombre de persona Coronel y Ortiz, Rafael.
9 (RLIN) 40692
852 ## - LOCALIZACIÓN
Ubicación ES-MaACL
Número de control de estantería G-13880
Nota libre -- Enc. hol.
856 ## - LOCALIZACIÓN Y ACCESO ELECTRÓNICOS
Identificador Uniforme de Recursos <a href="http://bibliotecadigitalhispanica.bne.es:80/webclient/DeliveryManager?pid=3319960&custom_att_2=simple_viewer">http://bibliotecadigitalhispanica.bne.es:80/webclient/DeliveryManager?pid=3319960&custom_att_2=simple_viewer</a>
Nota pública Ir a la página
Holdings
Estatus retirado Estado de pérdida Estado de daño No para préstamo Colección Biblioteca de origen Biblioteca actual Ubicación en estantería Fecha de adquisición Fuente de adquisición Total de préstamos Signatura topográfica completa Código de barras Visto por última vez Precio de reemplazo Tipo de ítem Koha
        Colección digital Biblioteca del Ateneo de Madrid Biblioteca del Ateneo de Madrid Sala Pecera Planta 3 17/01/2008     G-13880 1173447 23/02/2023 23/02/2023 Libro impreso antiguo